000 00772nam a2200289Ia 4500
001 Para_7767
003 CHAP
008 220125s1978 xx 000 0 und d
010 _a206767
040 _cCHAP
082 _aPA 576.64 L88 1978
100 _aLuria, S. E.
_9173072
245 _aGeneral virology /
_c by S. E. Luria, James E. Darnell and David Baltimore
250 _a3
260 _aNew York :
_b John Wiley & Sons
300 _a578 p.
650 _aVirologĂ­a
_9119933
700 _aBaltimore, David
_99781
700 _aDarnell, James E.
_931091
901 _aPA 576.64 L88 1978
902 _aA
905 _a0000001978 a 0000000000 00
910 _a1978
942 _cPARA
942 _cPARA
_d1
999 _c206767
_d206767